000 01743cam a22004934i 4500
003 PE-LiUPU
005 20250731173553.0
008 150616s r 000 0 d
020 _a0931464870
035 _a(Sirsi) i9780931464874
040 _aPE-LiUPU
_bspa
_cPE-LiUPU
_erda
049 _aPRUA
082 0 4 _a221.066
_bP63
_221
245 0 0 _aPomegranates and Golden Bells /
_ceditado por David P Wright, David Noel Freedman y Avi Hurvitz.
264 1 _aWinona Lake, Indiana :
_bEisenbrauns,
_c1995.
300 _a861 páginas ;
_c24 centímetros
336 _atext
_2rdacontent
337 _aunmediated
_2rdamedia
338 _avolume
_2rdacarrier
505 0 _aRitual, law, and their sources.- Other literary, historical, and linguistic studies.- Indexes.
526 _aSEG42
526 _aSEG41
526 _aSEG40
526 _aSEG39
526 _aP94
526 _aP87
526 _aP86
526 _aP85
526 _aP77
526 _aP76
526 _aP35
630 _aBiblia.
_pA.T.
_xCrítica, interpretación, etc.
650 0 4 _aManuscritos del mar Muerto
_xCrítica, interpretación, etc.
700 1 _aFreedman, David Noel,
_eeditor.
700 1 _aHurvitz, Avi,
_eeditor.
700 1 _aWright, David P,
_eeditor.
910 _ajck
_bjvq
_cjck
942 _2ddc
_cBOOK
949 _a221.066 P63
_wDEWEY
_c1
_i43300
_lCCODEBUL1
_mBUL
_r0
_sY
_tBOOK
_u2015-6-16
_xTEOLOGIA
_zUNKNOWN
_0COMPRA
_o.STAFF. Colección General
994 _aC0
_bPEPRU
596 _a1
999 _a221.066 P63
_wDEWEY
_c61267
_i43300
_f2021-11-9
_g5
_lCCODEBUL1
_mBUL
_r0
_sY
_tBOOK
_u2015-6-16
_xTEOLOGIA
_zUNKNOWN
_0COMPRA
_o.STAFF. Colección General
_d61267
980 _81
_gALBERTO SANCHEZ Responsable de Automatización